Statistics for Sacramento City Trivia

Click here to take the quiz!

General Stats

  • This quiz has been taken 83 times
  • The average score is 8 of 16

Answer Stats

QuestionAnswer% Correct
What country controlled Sacramento between 1839–1848?Mexico
90%
What horse-riding mail service to Missouri was Sacramento the western terminus?{Pony} Express
82%
What is the closest state capital to Sacramento?Carson City
75%
What is the name of Sacramento's NBA team?Kings
75%
What U.S. President did Lynette Fromme attempt to assassinate in 1975 in the city?Gerald Ford
72%
What bridge has the namesake of one of London's most famous bridges?Tower Bridge
53%
What is the only state capital that has a higher Asian population than Sacramento?Honolulu
51%
Sacramento is located at the confluence of which two rivers?Sacramento River
49%
What building is surrounded by 10th, L and N Streets?California State Capitol
44%
What Sacramento-native starred as "Captain Marvel" in 2019?Brie Larson
40%
What was the original name of Sacramento when established by that country?{Sutter}'s Fort
40%
Sacramento is located at the confluence of which two rivers?American River
38%
What 2017 Greta Gerwig movie, starring Saoirse Ronan, is set in Sacramento?Lady Bird
33%
What former Phoenix Suns player was Sacramento's mayor between 2008–2016?Kevin Johnson
28%
Name one of the many nicknames of Sacramento.Sactown / City of Trees /
River City / Sacratomato /
America's Most Diverse
City / Camelia City
28%
What does the name "Sacramento" refers to?Catholic {Eucharist}
4%

Score Distribution

Percentile by Number Answered

Percent of People with Each Score

Your Score History

You have not taken this quiz